Qual jogador é, pelos clubes que jogou III - Statistics

Estatísticas Gerais
  • Esse quiz foi jogado 125 vezes
  • A pontuação média é 10 de 15
Estatísticas das Respostas
Hint Resposta % Correto
Vitória > Benfica-POR > Chelsea-ING > PSG-FRA > Chelsea-ING > Arsenal-ING > Flamengo David Luiz
89%
Colo-Colo-CHI > Bayer Leverkusen-ALE > Juventus-ITA > Bayern de Munique-ALE > Barcelona-ESP > Inter de Milão-ITA > Flamengo Vidal
88%
Corinthians > Shakhtar Donetsk-UCR > Anzi Makhachkala-RUS > Chelsea-ING > Arsenal-ING > Corinthians Willian
86%
São Paulo > Internacional > Chelsea > Shangai Port-CHIN Oscar
80%
Flamengo > Cruzeiro > Grêmio > Mallorca-ESP > Racing Santander-ESP > Almeria-ESP > Fiorentina-ITA > Juventus-ITA > Galatasaray-TUR > Inter de Milão-ITA > Palmeiras > Fluminense Felipe Melo
78%
Santos > Dinamo de Kiev-UCR > Bordeaux-FRA > Atlético-MG > Santos > Vasco > Sport > Corinthians > Sporting-POR > Sport > Grêmio > Gaziantep-TUR > Sport > Cuiabá André
77%
América-MG > Cruzeiro > Lyon-FRA > Fluminense > Atlético-MG > Cruzeiro > Fluminense Fred
73%
Manchester United-ING > Granada-ESP > Valência-ESP > Manchester United-ING > Lazio-ITA > Flamengo > Fulham-ING Andreas Pereira
72%
Fluminense > Rio Ave-POR > Real Madrid Castilla-ESP > Monaco-FRA > Liverpool-ING Fabinho
72%
Gimnasia-ARG >Temperley-ARG > Gimnasia-ARG > River Plate-ARG > Atlético-MG Nacho Fernandez
60%
Athletico-PR > Santos > Porto-POR > Juventus-ITA Alex Sandro
54%
Mirassol > Juventus-SP > Paraná Clube > Juventus-SP > Santos > Alaves-ESP > Botafogo > Cruzeiro > Palmeiras > Cruzeiro > West Ham-ING > Criciuma > Internacional > Coritiba > Ponte Preta > Fluminense > Chapecoense > Fortaleza > América-MG Wellington Paulista
42%
Capivariano > Juventude > Lille-FRA > Charleroi-BEL > Standard Liége-BEL > Borussia Monchengladbash-ALE > Bayern de Munique-ALE > Wolsfburgo-ALE > Nice-FRA Dante
41%
Internacional > Avai > Sport > Bahia > Palmeiras > Al Nassr-ARA > Santos > Al Nassr-ARA > Corinthians > Al Nasr-EAU > Corinthians > Cruzeiro > Athletico-PR > Vasco > Criciuma Marquinhos Gabriel
22%
Canuelas-ARG > Banfield-ARG > Boca Juniors-ARG > Napoli-ITA > Olympiacos-GRE > Espanyol-ESP > Internacional >Atlético-MG > Vitória > Banfield-ARG Dátolo
19%
Nenhum quiz correspondente encontrado
Distribuição das Pontuações
Porcentagem de Pessoas com Cada Pontuação
Percentil de Números Respondidos
Sua Pontuação Histórica
Você não jogou esse quiz